The shadow between /

Saved in:
Bibliographic Details
Main Author: Hampson, Anne.
Format: Book
Language:English
Published: Toronto ; New York : Harlequin Books, 1978.
Edition:Harlequin ed.
Series:Harlequin romance ; 2160.
Subjects:
Tags: Add Tag
No Tags, Be the first to tag this record!
LEADER 00906nam a2200277Ia 4500
001 012777045-3
005 20120321115055.0
008 830209s1978 onc 000 1 eng d
020 |a 0373021607 (pbk.) 
020 |a 9780373021604 (pbk.) 
035 0 |a ocm09207079 
040 |a IPP  |c IPP  |d OCLCQ  |d SLR 
050 4 |a PN6120.95.L7  |b H37 no.2160 
100 1 |a Hampson, Anne. 
245 1 4 |a The shadow between /  |c by Anne Hampson. 
250 |a Harlequin ed. 
260 |a Toronto ;  |a New York :  |b Harlequin Books,  |c 1978. 
300 |a 186 p. ;  |c 18 cm. 
490 1 |a Harlequin romance ;  |v 2160 
500 |a "Original hardcover edition published in 1977 by Mills & Boon Limited."--T.p. verso. 
500 |a Includes advertising matter: [6] p. at end. 
650 0 |a Aristocracy (Social class)  |z England  |v Fiction. 
655 0 |a Love stories. 
830 0 |a Harlequin romance ;  |v 2160. 
988 |a 20110518 
906 |0 OCLC